000 00311nam a2200133Ia 4500
005 20251222141946.0
008 251222s9999||||xx |||||||||||||| ||spa||
082 _a498.542.02/P32
100 _aPayne, David
245 0 _aDiccionario Asháninca - Castellano
250 _a1ra.ed.
264 _bILV
942 _cLIB
999 _c9526
_d9526